000
003080000a22001330004500
003
MACL
040
_a
MACL
090
_c
38220
_d
38218
100
_a
Cane, Sir Edmund F Du
245
_a
The Punishment and Prevention of Crime
260
_b
Macmillan & Co Ltd
_c
1885
650
_a
Law
942
_c
BOOK
_k
343.2/CAN
999
_c
37812
_d
37812